Naša nádej život bez kapitalizmu

Gespeichert in:
Bibliographische Detailangaben
1. Verfasser: Albert, Michael
Weitere Verfasser: Dinka, Pavol
Format: Buch
Sprache:Slowakisch
Veröffentlicht: Bratislava Vydavateľstvo Spolku slovenských spisovateľov 2009
Schriftenreihe:Pohľady za horizont zv. 8.
Schlagworte:
Tags: Tag hinzufügen
Keine Tags, Fügen Sie das erste Tag hinzu!

MARC

LEADER 00000nam$a2200000$$$4500
001 0111830
005 20240314093129.3
020 |a 978-80-8061-382-2 
041 0 |a slo 
044 |a SK 
245 1 0 |a Naša nádej  |b život bez kapitalizmu  |c Michael Albert ; preložil: Pavol Dinka 
264 1 |a Bratislava  |b Vydavateľstvo Spolku slovenských spisovateľov  |c 2009 
300 |a 224 s. 
490 1 |a Pohľady za horizont  |v zv. 8. 
830 0 |a Pohľady za horizont  |v zv. 8. 
610 2 0 |a spoločnosť 
610 2 0 |a vývoj spoločenský 
610 2 0 |a problémy spoločenské 
610 2 0 |a systémy politické 
610 2 0 |a internacionalizácia 
610 2 0 |a štýl životný 
100 1 |a Albert, Michael 
700 1 |a Dinka, Pavol